000
00246nam a2200109Ia 4500
008
190914s9999||||xx |||||||||||||| ||und||
100
_a
Sullivan,Michael
245
0
_a
Precalculus
260
_a
London
_b
Addison
_c
2001
300
_a
156
942
_c
BK
999
_c
8475
_d
8475